000 00460nam a2200181Ia 4500
001 10719
005 20260306161853.0
008 260306t2014||||xx |||||||||||||| ||spa||
041 _aESP
082 _a946.092
_bP59
100 _aPinto-Bazvrco Rittler, Ernesto
_eAUT
245 0 _aIsabel de los mares, primera embajadora de Améica
260 _c2014
300 _a372 páginas :
_c24 cm.
650 _aGEN
654 _aCHU
942 _cLIB
_dJUS
_fJUS
_2ddc
_n
999 _c10719
_d10719